000 00549nam a2200181Ia 4500
008 151018s9999 xx 000 0 und d
082 _bRBASDV41748
_a891.468
100 _aअरुण शेवते
245 _aमागे वळून पहा
250 _b1
260 _bश्रीकल्प
_c2006
300 _a188
600 _aअरुण शेवते
630 _aमागे वळून पहा
700 _aअरुण शेवते
730 _aमागे वळून पहा
942 _cBOOK
999 _c1040979
_d1040976